000 00470nam a2200181Ia 4500
001 12865
005 20260306163012.0
008 260306t1987||||xx |||||||||||||| ||spa||
041 _aESP
082 _aRD 413
_bG21
100 _aGarnot, P. Yves
_eAUT
245 0 _aDiccionario de economia y comercio:
_bfrancés - español; español - frances
260 _c1987
300 _a283 páginas :
_c17 cm.
650 _aGEN
654 _aCHU
942 _cDIC
_dJUS
_fJUS
_2ddc
_n
999 _c12865
_d12865